Curso básico de electicidad / (Record no. 135085)

MARC details
000 -LEADER
campo de control de longitud fija 00827nam a2200217 i 4500
001 - NÚMERO DE CONTROL
campo de control 135085
003 - IDENTIFICADOR DE NÚMERO DE CONTROL
campo de control ES-MaACL
005 - FECHA Y HORA DE LA ÚLTIMA TRANSACCIÓN
campo de control 20230906194813.0
007 - CAMPO FIJO DE DESCRIPCIÓN FÍSICA--INFORMACIÓN GENERAL
campo de control de longitud fija t|
008 - DATOS DE LONGITUD FIJA--INFORMACIÓN GENERAL
campo de control de longitud fija 070709s1958 sp ||||1| spa d
080 ## - NÚMERO DE LA CLASIFICACIÓN DECIMAL UNIVERSAL
Número de la Clasificación Decimal Universal 621.3(075.8)
100 1# - ENTRADA PRINCIPAL--NOMBRE DE PERSONA
Nombre de persona Timbie, William Henry.
9 (RLIN) 110283
245 10 - MENCIÓN DEL TÍTULO
Título Curso básico de electicidad /
Mención de responsabilidad, etc. William Timbie ; con la colaboración de Alexander Kusko ; traducción directa de la cuarta edición norteamericana por Valentín Jaime ; con la colaboración de José Mª Montesó Vidal.
260 ## - PUBLICACIÓN, DISTRIBUCIÓN, ETC.
Lugar de publicación, distribución, etc. Barcelona :
Nombre del editor, distribuidor, etc. José Montesó,
Fecha de publicación, distribución, etc. 1958.
300 ## - DESCRIPCIÓN FÍSICA
Extensión XXIII, 703 p. :
Otras características físicas il. ;
Dimensiones 22 cm.
650 #4 - PUNTO DE ACCESO ADICIONAL DE MATERIA--TÉRMINO DE MATERIA
Término de materia o nombre geográfico como elemento de entrada Electrotecnia.
9 (RLIN) 12169
700 1# - ENTRADA AGREGADA--NOMBRE PERSONAL
Nombre de persona Kusko, Alexander.
9 (RLIN) 69078
700 1# - ENTRADA AGREGADA--NOMBRE PERSONAL
Nombre de persona Jaime, Valentín.
9 (RLIN) 65931
700 1# - ENTRADA AGREGADA--NOMBRE PERSONAL
Nombre de persona Montesó Vidal, José María.
9 (RLIN) 82606
852 ## - LOCALIZACIÓN
Ubicación ES-MaACL
Número de control de estantería C-14686
Sublocalización o colección R.42706
Holdings
Estatus retirado Estado de pérdida Estado de daño No para préstamo Biblioteca de origen Biblioteca actual Ubicación en estantería Fecha de adquisición Fuente de adquisición Total de préstamos Signatura topográfica completa Código de barras Visto por última vez Precio de reemplazo Tipo de ítem Koha
        Biblioteca del Ateneo de Madrid Biblioteca del Ateneo de Madrid Ficheros 17/01/2008     C-14686 1140603 23/02/2023 23/02/2023 Libro impreso